| 000 | 01450cmm a22003014a 4500 | ||
|---|---|---|---|
| 999 |
_c329641 _d329641 |
||
| 001 | 12254502 | ||
| 003 | ASAB | ||
| 005 | 20180117103805.0 | ||
| 007 | co|||| | ||
| 008 | 001211s1997 nyu m eng | ||
| 010 |
_a 00530663 _z 97229447 |
||
| 020 | _a1888902493 | ||
| 040 |
_aDLC _cASAB |
||
| 042 | _apcc | ||
| 050 | 0 | 0 | _aQH581.2 |
| 082 | _a574.876 | ||
| 100 | 1 |
_aVan Buskirk, Robert Grenville. _9912 |
|
| 245 | 1 | 3 |
_aAn electronic companion to molecular cell biology _ba multimedia study aid / _cby Robert Van Buskirk. |
| 246 | 3 | 0 | _aMolecular cell biology |
| 260 |
_aNew York : _bCognito Learning Media, _cc1997. |
||
| 300 |
_a1 computer optical disc ; _c4 3/4 in. + _e1 workbook (323 p. : ill. ; 24 cm. |
||
| 500 | _aTitle from disc label. | ||
| 520 | _aMultimedia study guide on molecular cell biology featuring review and self-testing, including multiple choice, drag and drop, true/false, and fill-in-the-blank questions. | ||
| 538 | _aSystem requirements for Windows: IBM-compatible 486 PC; 8MB RAM; Windows 3.1. | ||
| 538 | _aSystem requirements for Macintosh: Macintosh LC475 or other model with a 040 processor; 8MB RAM; System 7.1. | ||
| 650 | 0 |
_aCytology _vSoftware. _9913 |
|
| 650 | 0 |
_aMolecular biology _vSoftware. _9914 |
|
| 906 |
_a7 _bcbc _corignew _d2 _encip _f19 _gy-gencatlg |
||
| 942 |
_2ddc _cBK |
||